000 00328nam a2200133Ia 4500
005 20251222152656.0
008 251222s9999||||xx |||||||||||||| ||spa||
020 _a9507521402
082 _a305.896.073/G74
100 _aGordon, Matthew S.
245 0 _aLos Grandes Lideres de Siglo XX
264 _bHyspamerica
942 _cLIB
999 _c28626
_d28626